Footballeurs Ballon d'Or - Mort subite - Statistiques

Statistiques générales
  • Ce quiz a été pris 24 425 fois
    24 424 depuis la dernière actualisation
  • Le résultat moyen est 10 sur 20
Answers on the Grid
Answers color-coded by a green-red scale on the quiz's grid according to % correct below.
Alfredo Di Stefano
Andres Iniesta
Andriy Chevtchenko
Antoine Griezmann
Cristiano Ronaldo
David Beckham
Diego Maradona
Erling Haaland
Eusébio
Fabio Cannavaro
Gareth Bale
Garrincha
George Weah
Kaka
Karim Benzema
Kylian Mbappé
Lev Yachine
Lionel Messi
Luis Figo
Luka Modric
Marco Van Basten
Matthias Sammer
Michel Platini
Neymar Junior
Paolo Maldini
Pavel Nedvěd
Pelé
Raymond Kopa
Rivaldo
Robert Lewandowski
Roberto Baggio
Ruud Van Nistelrooy
Thierry Henry
Vinicius Junior
Xavi Hernandez
Zinédine Zidane
 
Statistiques - réponses
Réponse % Correct
Cristiano Ronaldo
81%
Alfredo Di Stefano
66%
Andriy Chevtchenko
64%
Lionel Messi
63%
Karim Benzema
62%
Luka Modric
61%
Kaka
57%
Fabio Cannavaro
54%
Michel Platini
53%
Zinédine Zidane
53%
George Weah
52%
Lev Yachine
51%
Luis Figo
48%
Marco Van Basten
46%
Pavel Nedvěd
44%
Eusébio
42%
Rivaldo
36%
Raymond Kopa
34%
Roberto Baggio
30%
Matthias Sammer
29%
Aucun quiz correspondant
Distribution des résultats
% des personnes avec chaque résultat
Percentile par nombre de réponses
Votre historique - résultats
Vous n’avez pas pris ce quiz depuis la dernière actualisation